| 000 | 01039nam a22002777a 4500 | ||
|---|---|---|---|
| 999 |
_c111469 _d111469 |
||
| 003 | dpl | ||
| 005 | 20190211102004.0 | ||
| 008 | 190211b ||||| |||| 00| 0 eng d | ||
| 010 | _aB-154395 | ||
| 020 |
_c175.00 _a8188600564 |
||
| 035 | _aB-154395, B-154399 | ||
| 037 | _bCen Lib/Ret | ||
| 040 |
_aDPL _bHN _c0 |
||
| 082 |
_a821 _bदुबेवि |
||
| 100 |
_aदुबे, विनय _943001 |
||
| 245 |
_aदो एकम दो / _cविनय दुबे |
||
| 246 |
_aDo ekam do _bby Vinay Dube |
||
| 260 |
_bसाक्षरा प्रकाशन _aदिल्ली _c2003 |
||
| 270 |
_aसी-4/ईस्ट ज्योति नगर, शाहदरा _bदिल्ली _e110093 |
||
| 300 |
_a160पृ. _c21सेमी (सजिल्द) |
||
| 650 |
_aहिंदी -- नाटक _943002 |
||
| 650 |
_aहिंदी साहित्य _943003 |
||
| 650 |
_aHindi -- play _943004 |
||
| 650 |
_aHindi literature _943005 |
||
| 942 |
_2ddc _cHN _h821 _mदुबेवि |
||